Masculinidades /

Enregistré dans:
Détails bibliographiques
Auteur principal: Connell, Raewyn (autor)
Autres auteurs: Artigas, Irene (traducción) (traducción)
Format: Livre
Langue:espagnol
Publié: México : UNAM, Programa Universitario de Estudios de Género, 2003, c2003
Sujets:
Tags: Ajouter un tag
Pas de tags, Soyez le premier à ajouter un tag!

MARC

LEADER 00000nam^a2200000^a^4500
001 000184437
005 20250521000000.0
009 20260310102115.919
020 |a 970-32-0712-X 
037 |a Acervo ITESO - Biblioteca 
041 |a ESP 
082 |a 305. 32  |b CON 
100 |a Connell, Raewyn  |e (autor) 
240 1 1 |a [Masculinidades, de Raewyn Connell] 
245 1 0 |a Masculinidades /  |c R.W. Connell ; tr. por I. Artigas. 
264 4 |a México :  |b UNAM, Programa Universitario de Estudios de Género,  |c 2003, c2003 
300 |a 355 p. 
336 |a texto  |b txt  |2 rdacontenido 
337 |a sin mediación  |b n  |2 rdamedio 
338 |a volumen  |b nc  |2 rdasoporte 
649 |a XX 
650 |a Hombres -  |x Condiciones Políticas 
650 |a Hombres -  |x Condiciones Sociales y Culturales -  |x Tema Principal 
650 |a Cuerpo Humano -  |x Aspectos Políticos 
650 |a Cuerpo Humano -  |x Aspectos Sociales y Culturales 
650 |a Igualdad y Desigualdad 
650 |a Patriarcado 
650 |a Roles de Género 
650 |a Identidad de Género 
650 |a Homosexualidad 
650 |a Sexualidad 
650 |a Género 
650 |a Sociología 
700 |a Artigas, Irene  |e (traducción) 
910 |a Fondo General 
920 |a Impresos - Libros 
930 |a Colección General 
905 |a 101 
901 |a 0500125349  |b IT1  |c ACC  |u 20250521 
902 |a https://opac.biblio.iteso.mx/vufind/Record/000184437